UM Logo

Pathophysiology : (Record no. 7795)

MARC details
000 -LEADER
fixed length control field 01129nam a2200205 4500
008 - FIXED-LENGTH DATA ELEMENTS--GENERAL INFORMATION
fixed length control field 171120b xxu||||| |||| 00| 0 eng d
020 ## - INTERNATIONAL STANDARD BOOK NUMBER
International Standard Book Number 0397551649
082 ## - DEWEY DECIMAL CLASSIFICATION NUMBER
Edition number 1996
Classification number DC 616.07
Item number B87
100 ## - MAIN ENTRY--PERSONAL NAME
9 (RLIN) 23534
Personal name Bullock, Barbara L., author.
245 ## - TITLE STATEMENT
Title Pathophysiology :
Remainder of title adaptations and alterations in function /
Statement of responsibility, etc. Barbara L. Bullock ; with nine contributors.
250 ## - EDITION STATEMENT
Edition statement Fourth edition.
260 ## - PUBLICATION, DISTRIBUTION, ETC. (IMPRINT)
Place of publication, distribution, etc. Philadelphia :
Name of publisher, distributor, etc. Lippincott,
Date of publication, distribution, etc. ©1996.
300 ## - PHYSICAL DESCRIPTION
Extent xxi, 1,272 pages :
Other physical details illustrations (some color) ;
Dimensions 29 cm +
Accompanying material 1 computer disk (3 1/2 in.).
500 ## - GENERAL NOTE
General note Includes bibliographical references and index.
505 ## - FORMATTED CONTENTS NOTE
Formatted contents note Cellular dynamics -- Development -- Fluid, electrolyte, acid-base, nutritional balance, and shock -- Inflammation and repair -- Immunity -- Hematology -- Circulation -- Respiration -- Urinary excretion -- Endocrine regulation -- Digestion, absorption, and use of food -- Musculoskeletal function -- Protective coverings of the body -- Neural control -- Reproduction.
650 #0 - SUBJECT ADDED ENTRY--TOPICAL TERM
9 (RLIN) 23535
Topical term or geographic name as entry element Physiology, Pathological
650 #0 - SUBJECT ADDED ENTRY--TOPICAL TERM
9 (RLIN) 23536
Topical term or geographic name as entry element Pathology
650 #0 - SUBJECT ADDED ENTRY--TOPICAL TERM
9 (RLIN) 23537
Topical term or geographic name as entry element Physiology
942 ## - ADDED ENTRY ELEMENTS (KOHA)
Source of classification or shelving scheme Dewey Decimal Classification
Koha item type Circulation
Holdings
Withdrawn status Lost status Source of classification or shelving scheme Damaged status Not for loan Collection code Home library Current library Date acquired Source of acquisition Total Checkouts Full call number Barcode Date last seen Copy number Price effective from Koha item type
    Dewey Decimal Classification     Circulation UM Digos College - LIC UM Digos College - LIC   Purchased   DC 616.07 B87 1996 15194 06/08/2021 1 11/20/2017 Circulation